Introducing public administration/ (Record no. 190753)

MARC details
000 -LEADER
fixed length control field 00520nam a22001817a 4500
005 - DATE AND TIME OF LATEST TRANSACTION
control field 20220804105130.0
010 ## - LCCN (DPL NO)
LC control number ENG-134232
020 ## - INTERNATIONAL STANDARD BOOK NUMBER
Terms of availability 750.00
International Standard Book Number 81-8289-036-5
035 ## - SYSTEM CONTROL NUMBER
System control number EN-117764
037 ## - SOURCE OF ACQUISITION
Source of stock number/acquisition DBAD/PUB
082 ## - DEWEY DECIMAL CLASSIFICATION NUMBER
Classification number 350
100 ## - MAIN ENTRY--PERSONAL NAME
Personal name Desai, Rajiv
245 ## - TITLE STATEMENT
Title Introducing public administration/
Statement of responsibility, etc Rajiv Desai
260 ## - PUBLICATION, DISTRIBUTION, ETC. (IMPRINT)
Place of publication, distribution, etc Jaipur
Name of publisher, distributor, etc Indian Publishing House
Date of publication, distribution, etc 2010
270 ## - ADDRESS
Address 852, Mahaveer Nagar, Tank Road
City Jaipur
Postal code 302003
300 ## - PHYSICAL DESCRIPTION
Extent 285p.
Dimensions 21cm(pbk)
942 ## - ADDED ENTRY ELEMENTS (KOHA)
Source of classification or shelving scheme Dewey Decimal Classification
Item type English Books
Classification part 350
Call number suffix DES
Holdings
Withdrawn status Lost status Not for loan Collection code Home library Current library Date acquired Source of acquisition Cost, normal purchase price Full call number Barcode Copy number Cost, replacement price Koha item type
      Non-fiction Bawana Bawana 04/08/2022 DBAD/PUB 750.00 350 DES EN-117764 1 750.00 English Books

© Delhi Public Library
Hit Counter
free hit counter